Foundry Technology /

Salvato in:
Dettagli Bibliografici
Autore principale: Beeley, Peter (Autore)
Natura: Libro
Lingua:inglese
Pubblicazione: Oxford Butterworth-Heinemann 2001
Edizione:2nd ed.
Soggetti:
Tags: Aggiungi Tag
Nessun Tag, puoi essere il primo ad aggiungerne!!

MARC

LEADER 00000nam a22000003a 4500
001 0066866
003 SK-STU
005 20180903073256.2
007 ta
008 180903s ----xo-----e------000-0-----d
020 |a 0-7506-4567-9 
040 |a STU  |b slo 
041 0 |a eng 
044 |a xxk 
080 |a 621.74 
100 1 |a Beeley, Peter  |4 aut 
245 1 0 |a Foundry Technology /  |c aut. Peter Beeley 
250 |a 2nd ed. 
260 |a Oxford  |b Butterworth-Heinemann  |c 2001 
300 |a 717 s. 
650 0 7 |a zlievarenstvo 
650 0 7 |a zlievárenstvo 
650 0 7 |a solidifikácia 
650 0 7 |a odliatky 
650 0 7 |a formy 
650 0 7 |a Technológia výroby 
996 |b 284M087793  |c M* 14148-1  |l MMKN  |s A  |a 24  |w 0066866_0001